Espa¥ol o castellano? [documento web] /

Guardado en:
Autor Principal: Zamora Sergio
Formato: Libro
Publicado: Guadalajara : , 1999
Etiquetas: Agregar Etiqueta
Sin Etiquetas, Sea el primero en etiquetar este registro!
LEADER 00393nam a22001455a 4500
001 CEM.cems010810
005 20060214000000.0
008 130507s1999##################000#0#####d
003 CEMS
082 0 4 |a F468 
100 1 |a Zamora Sergio 
245 1 0 |a Espa¥ol o castellano? [documento web] / 
260 |a Guadalajara :  |b ,  |c 1999 
300 |a 3 p.1 
859 |a CEMS  |b BIB. CEMS - 11 de abril  |h F468  |i 3-1  |p 1834.44  |t Ej.1